书目信息 |
| 题名: |
超导电性
|
|
| 作者: | 吴杭生 , 管惟炎 , 李宏成 著 | |
| 分册: | ||
| 出版信息: | 北京 北京大学出版社 2014.08 |
|
| 页数: | 379页 | |
| 开本: | 23cm | |
| 丛书名: | 中外物理学精品书系 | |
| 单 册: | ||
| 中图分类: | O511 | |
| 科图分类: | ||
| 主题词: | 超导电性--chao dao dian xing--研究 | |
| 电子资源: | ||
| ISBN: | 978-7-301-23759-5 | |
| 000 | 01173nam 2200325 450 | |
| 001 | CAL 0120141371311 | |
| 005 | 20150806151636.68 | |
| 010 | @a978-7-301-23759-5@dCNY68.00 | |
| 100 | @a20140917d2014 em y0chiy50 ea | |
| 101 | 0 | @achi |
| 102 | @aCN@b110000 | |
| 105 | @ay a 000yy | |
| 106 | @ar | |
| 200 | 1 | @a超导电性@Achao dao dian xing@e第二类超导体和弱连接超导体@e重排本@f吴杭生, 管惟炎, 李宏成著 |
| 210 | @a北京@c北京大学出版社@d2014.08 | |
| 215 | @a379页@d23cm | |
| 225 | 2 | @a中外物理学精品书系@Azhong wai wu li xue jing pin shu xi@i经典系列@v8 |
| 300 | @a国家出版基金项目 | |
| 320 | @a有书目 | |
| 330 | @a本书较系统地介绍第二类超导体和弱连接超导体的性质、理论和应用。内容包括理想第二类超导体 ; 非理想第二类超导体等。 | |
| 410 | 0 | @12001 @a中外物理学精品书系@i经典系列@v8 |
| 517 | 1 | @a第二类超导体和弱连接超导体@Adi er lei chao dao ti he ruo lian jie chao dao ti |
| 586 | @a | |
| 606 | 0 | @a超导电性@Achao dao dian xing@x研究 |
| 690 | @aO511@v5 | |
| 701 | 0 | @a吴杭生@Awu hang sheng@4著 |
| 701 | 0 | @a管惟炎@Aguan wei yan@4著 |
| 701 | 0 | @a李宏成@Ali hong cheng@4著 |
| 801 | 0 | @aCN@c20150820 |
| 905 | @a河南城建学院图书馆@dO511@eW790@f3 | |
| 超导电性:第二类超导体和弱连接超导体:重排本/吴杭生, 管惟炎, 李宏成著.-北京:北京大学出版社,2014.08 |
| 379页;23cm.-(中外物理学精品书系.经典系列;8) |
| 国家出版基金项目 |
| ISBN 978-7-301-23759-5:CNY68.00 |
| 本书较系统地介绍第二类超导体和弱连接超导体的性质、理论和应用。内容包括理想第二类超导体 ; 非理想第二类超导体等。 |
| ● |
| 相关链接 |
|
|
|
正题名:超导电性
索取号:O511/W790
 
预约/预借
| 序号 | 登录号 | 条形码 | 馆藏地/架位号 | 状态 | 备注 |
| 1 | 1162238 | 211622387 | 自科库401/401自科库 59排3列5层/ [索取号:O511/W790] | 在馆 | |
| 2 | 1162239 | 211622396 | 自科库401/401自科库 59排3列5层/ [索取号:O511/W790] | 在馆 | |
| 3 | 1162240 | 211622403 | 自科库401/401自科库 59排3列5层/ [索取号:O511/W790] | 在馆 |